There is singing around me /

Bibliographic Details
Main Author: Berry, Wendell, 1934-
Format: Book
Language:English
Published: Austin, Tex. : Cold Mountain Press, 1976

MARC

Tag First Indicator Second Indicator Subfields
LEADER 00000cam a2200000 a 4500
001 in00000009238
005 20210601131940.0
008 860512s1976 txu 00010 eng
010 |a  86157908  
035 |a (OCoLC)02976764 
035 |9 AAA3318AM 
040 |a DLC  |c DLC  |d m/c  |d TXA  |d UtOrBLW 
049 |a TXAM  |c [A11029153] 
050 0 0 |a PS3552.E75  |b T48 1976 
100 1 |a Berry, Wendell,  |d 1934- 
245 1 0 |a There is singing around me /  |c Wendell Berry. 
264 1 |a Austin, Tex. :  |b Cold Mountain Press,  |c 1976 
264 3 |a Monterey, Ky. :  |b Larkspur Press 
300 |a 8 pages ;  |c 20 cm. 
336 |a text  |b txt  |2 rdacontent 
337 |a unmediated  |b n  |2 rdamedia 
338 |a volume  |b nc  |2 rdacarrier 
500 |a Poems. 
500 |a "300 copies [in wrappers] numbered and signed by the author, and 26 copies printed on Iyo Glazed, bound in boards, lettered A-Z and signed by the author"--Colophon. 
500 |a One of the Cushing Library/Rare Books copies is number "U" and is signed by the author. 
500 |a One of the Cushing Library/Rare Books copies is number 21 and is signed by the author. 
999 |a MARS 
999 f f |s d9e09b8b-d79e-39af-a0aa-880aa75c0335  |i f60cee45-34c2-338f-9e98-b89b914476a5  |t 0 
952 f f |p ric  |a Texas A&M University  |b Rellis Campus  |c Joint Library Facility  |s JLF  |d Remote Storage  |t 0  |e PS3552.E75 T48 1976  |h Library of Congress classification  |i unmediated -- volume  |m A14811029153 
998 f f |a PS3552.E75 T48 1976  |t 0  |l Remote Storage